logo

Bir Sreshtho Munshi Abdur Rouf Library
Jhenaidah Cadet College

সায়েন্স ফিকশন: (Record no. 11326)

MARC details
000 -LEADER
fixed length control field 00766nam a2200229 a 4500
001 - CONTROL NUMBER
JCCL Control Number 11326
003 - CONTROL NUMBER IDENTIFIER
JCCL marc code BD-JhCC
005 - DATE AND TIME OF LATEST TRANSACTION
control field 20221107134024.0
008 - FIXED-LENGTH DATA ELEMENTS--GENERAL INFORMATION
fixed length control field 190625s20102018bg |||| ||a| 000 0 ben d
020 ## - INTERNATIONAL STANDARD BOOK NUMBER
International Standard Book Number 9789845261531
035 ## - SYSTEM CONTROL NUMBER
system control number (BD-JhCC)11326
040 ## - CATALOGING SOURCE
Original cataloging agency BD-JhCC
Modifying agency BD-JhCC
041 ## - LANGUAGE CODE
Language code of Book ben
082 ## - DEWEY DECIMAL CLASSIFICATION NUMBER
Classification number 891.44
Author mark and Year AHA 2018
100 ## - MAIN ENTRY--PERSONAL NAME
Personal name আহমেদ, মোশতাক
245 ## - TITLE STATEMENT
Title সায়েন্স ফিকশন:
Remainder of title প্রজেক্ট ইক্টোপাস /
Statement of responsibility, etc মোশতাক আহমেদ ।
260 ## - PUBLICATION, DISTRIBUTION, ETC. (IMPRINT)
Place of publication, distribution, etc ঢাকা:
Name of publisher, distributor, etc অনিন্দ্য প্রকাশ;
Date of publication, distribution, etc ২০১৮.
300 ## - PHYSICAL DESCRIPTION
Pagination ১৫৯ পৃ. :
Dimensions ২২ সেমি.
650 ## - SUBJECT ADDED ENTRY--TOPICAL TERM
Topical term or geographic name as entry element Bengali fiction
942 ## - ADDED ENTRY ELEMENTS (KOHA)
Source of classification or shelving scheme Dewey Decimal Classification
Koha item type Books
Koha issues (borrowed), all copies 7
Holdings
Source of classification or shelving scheme Damaged status Not for loan Home library Current library Shelving location Date of accession Cost, normal purchase price Total Checkouts Full call number Barcode Date last seen Date checked out Copy number Koha item type Source of acquisition
Dewey Decimal Classification     JCC Rouf Library JCC Rouf Library General Stacks 06/25/2019 213.00 9 891.44 AHA 2018 15403 09/30/2024 09/24/2024 C-1 Books  
Dewey Decimal Classification     JCC Rouf Library JCC Rouf Library General Stacks 03/03/2021 188.00 3 891.44 AHA 2018 16550 01/26/2025 01/20/2025 C-2 Books Lt. Gen. Mahfuzur Rahman (10th intake)

JCC Library | Contacts | JCC Home

Last Update on 23 September 2017
Copyright @ 2017-2020 JCC Rouf Library
Rouf Library, Jhenidah Cadet College (JCC), Bangladesh